<?xml version="1.0" encoding="UTF-8"?>
<record
    xmlns:xsi="http://www.w3.org/2001/XMLSchema-instance"
    xsi:schemaLocation="http://www.loc.gov/MARC21/slim http://www.loc.gov/standards/marcxml/schema/MARC21slim.xsd"
    xmlns="http://www.loc.gov/MARC21/slim">

  <leader>01900nam2a22004571  4500</leader>
  <controlfield tag="001">v19\rc\1383614</controlfield>
  <controlfield tag="005">20250618091542.0</controlfield>
  <datafield tag="035" ind1=" " ind2=" ">
    <subfield code="a">(NLR Aleph) 004517946</subfield>
  </datafield>
  <datafield tag="090" ind1=" " ind2=" ">
    <subfield code="a">4836653</subfield>
    <subfield code="c">4836653</subfield>
  </datafield>
  <datafield tag="100" ind1=" " ind2=" ">
    <subfield code="a">20060512d1871    |||y0rusy50      ca</subfield>
  </datafield>
  <datafield tag="101" ind1="0" ind2=" ">
    <subfield code="a">rus</subfield>
  </datafield>
  <datafield tag="102" ind1=" " ind2=" ">
    <subfield code="a">RU</subfield>
  </datafield>
  <datafield tag="105" ind1=" " ind2=" ">
    <subfield code="a">y   z   |||||</subfield>
  </datafield>
  <datafield tag="135" ind1=" " ind2=" ">
    <subfield code="a">crcn 024anaba</subfield>
  </datafield>
  <datafield tag="200" ind1="1" ind2=" ">
    <subfield code="a">&#x41A;&#x438;&#x440;&#x438;&#x43B;&#x43B; &#x438; &#x41C;&#x435;&#x444;&#x43E;&#x434;&#x438;&#x439; &#x43F;&#x43E; &#x437;&#x430;&#x43F;&#x430;&#x434;&#x43D;&#x44B;&#x43C; &#x43B;&#x435;&#x433;&#x435;&#x43D;&#x434;&#x430;&#x43C;</subfield>
    <subfield code="e">&#x41A;&#x440;&#x438;&#x442;&#x438;&#x43A;&#x430; &#x43B;&#x435;&#x433;&#x435;&#x43D;&#x434;</subfield>
    <subfield code="a">&#x41B;&#x435;&#x433;&#x435;&#x43D;&#x434;&#x430;&#x440;&#x43D;&#x44B;&#x439; &#x43E;&#x431;&#x440;&#x430;&#x437; &#x41A;&#x438;&#x440;&#x438;&#x43B;&#x43B;&#x430; &#x438; &#x41C;&#x435;&#x444;&#x43E;&#x434;&#x438;&#x44F;. Codex legendarum</subfield>
  </datafield>
  <datafield tag="210" ind1=" " ind2=" ">
    <subfield code="d">1871</subfield>
    <subfield code="a">&#x411;. &#x43C;.</subfield>
  </datafield>
  <datafield tag="215" ind1=" " ind2=" ">
    <subfield code="a">[4], V, [3], 388 &#x441;.</subfield>
  </datafield>
  <datafield tag="320" ind1=" " ind2=" ">
    <subfield code="a">&#x411;&#x438;&#x431;&#x43B;&#x438;&#x43E;&#x433;&#x440;.:"&#x421;&#x431;&#x43E;&#x440;&#x43D;&#x438;&#x43A;&#x438; &#x438; &#x441;&#x43E;&#x447;&#x438;&#x43D;&#x435;&#x43D;&#x438;&#x44F;, &#x443;&#x43F;&#x43E;&#x43C;&#x438;&#x43D;&#x430;&#x435;&#x43C;&#x44B;&#x435; &#x432;&#x43E; 2-&#x439; &#x447;&#x430;&#x441;&#x442;&#x438;" (&#x441;. 385-388)</subfield>
  </datafield>
  <datafield tag="325" ind1=" " ind2=" ">
    <subfield code="a">&#x41A;&#x43E;&#x43F;&#x438;&#x44F; &#x434;&#x43E;&#x441;&#x442;&#x443;&#x43F;&#x43D;&#x430; &#x432; &#x42D;&#x43B;&#x435;&#x43A;&#x442;&#x440;&#x43E;&#x43D;. &#x431;-&#x43A;&#x435; &#x420;&#x41D;&#x411;</subfield>
  </datafield>
  <datafield tag="461" ind1=" " ind2="0">
    <subfield code="1">001v19\rc\1383612</subfield>
    <subfield code="1">2001#$a&#x41A;&#x438;&#x440;&#x438;&#x43B;&#x43B; &#x438; &#x41C;&#x435;&#x444;&#x43E;&#x434;&#x438;&#x439;$e&#x427;. 1-2$f&#x412;.&#x410;. &#x411;&#x438;&#x43B;&#x44C;&#x431;&#x430;&#x441;&#x43E;&#x432;$v[&#x427;. 2]</subfield>
    <subfield code="1">700#1$a&#x411;&#x438;&#x43B;&#x44C;&#x431;&#x430;&#x441;&#x43E;&#x432;$b&#x412;.&#x410;.$f1837-1904$g&#x412;&#x430;&#x441;&#x438;&#x43B;&#x438;&#x439; &#x410;&#x43B;&#x435;&#x43A;&#x441;&#x435;&#x435;&#x432;&#x438;&#x447;</subfield>
    <subfield code="9">4836635</subfield>
    <subfield code="a">&#x411;&#x438;&#x43B;&#x44C;&#x431;&#x430;&#x441;&#x43E;&#x432;, &#x412;.&#x410;. (1837-1904)</subfield>
    <subfield code="c">&#x421;&#x430;&#x43D;&#x43A;&#x442;-&#x41F;&#x435;&#x442;&#x435;&#x440;&#x431;&#x443;&#x440;&#x433;</subfield>
    <subfield code="d">1868-1871</subfield>
    <subfield code="f">&#x412;.&#x410;. &#x411;&#x438;&#x43B;&#x44C;&#x431;&#x430;&#x441;&#x43E;&#x432;</subfield>
    <subfield code="n">&#x43F;&#x435;&#x447;. &#x412;. &#x413;&#x43E;&#x43B;&#x43E;&#x432;&#x438;&#x43D;&#x430;</subfield>
    <subfield code="o">&#x427;. 1-2</subfield>
    <subfield code="p">2 &#x442;.</subfield>
    <subfield code="t">&#x41A;&#x438;&#x440;&#x438;&#x43B;&#x43B; &#x438; &#x41C;&#x435;&#x444;&#x43E;&#x434;&#x438;&#x439;</subfield>
    <subfield code="v">[&#x427;. 2]</subfield>
  </datafield>
  <datafield tag="517" ind1="0" ind2=" ">
    <subfield code="a">Codex legendarum</subfield>
  </datafield>
  <datafield tag="801" ind1=" " ind2="0">
    <subfield code="a">RU</subfield>
    <subfield code="b">NLR</subfield>
    <subfield code="g">psbo</subfield>
  </datafield>
  <datafield tag="801" ind1=" " ind2="0">
    <subfield code="a">RU</subfield>
    <subfield code="b">RuMoRGB</subfield>
    <subfield code="2">psbo</subfield>
  </datafield>
  <datafield tag="801" ind1=" " ind2="1">
    <subfield code="a">RU</subfield>
    <subfield code="b">ProSoft-M</subfield>
    <subfield code="2">rusmarc</subfield>
  </datafield>
  <datafield tag="852" ind1=" " ind2=" ">
    <subfield code="a">NLR</subfield>
    <subfield code="b">&#x41C;&#x444;</subfield>
    <subfield code="j">&#x41A;1/14841</subfield>
  </datafield>
  <datafield tag="852" ind1=" " ind2=" ">
    <subfield code="a">NLR</subfield>
    <subfield code="j">18.60.5.25</subfield>
  </datafield>
  <datafield tag="852" ind1=" " ind2=" ">
    <subfield code="a">NLR</subfield>
    <subfield code="j">&#x420;30/&#x411;-5/1</subfield>
  </datafield>
  <datafield tag="899" ind1=" " ind2=" ">
    <subfield code="a">RuMoRGB</subfield>
    <subfield code="j">L 10a/161</subfield>
  </datafield>
  <datafield tag="899" ind1=" " ind2=" ">
    <subfield code="a">RuMoRGB</subfield>
    <subfield code="j">B 2/73</subfield>
  </datafield>
  <datafield tag="899" ind1=" " ind2=" ">
    <subfield code="a">RuMoRGB</subfield>
    <subfield code="j">U 390/68</subfield>
  </datafield>
  <datafield tag="899" ind1=" " ind2=" ">
    <subfield code="a">&#x411;&#x410;&#x41D;</subfield>
  </datafield>
  <datafield tag="899" ind1=" " ind2=" ">
    <subfield code="a">&#x41D;&#x411; &#x41C;&#x413;&#x423;</subfield>
  </datafield>
  <datafield tag="899" ind1=" " ind2=" ">
    <subfield code="a">&#x41D;&#x411; &#x421;&#x41F;&#x431;&#x413;&#x423;</subfield>
  </datafield>
  <datafield tag="899" ind1=" " ind2=" ">
    <subfield code="a">&#x413;&#x41F;&#x418;&#x411;</subfield>
  </datafield>
  <datafield tag="942" ind1=" " ind2=" ">
    <subfield code="c">BOOK</subfield>
  </datafield>
  <datafield tag="980" ind1=" " ind2=" ">
    <subfield code="a">NB</subfield>
  </datafield>
  <datafield tag="980" ind1=" " ind2=" ">
    <subfield code="a">Crimea</subfield>
  </datafield>
  <datafield tag="981" ind1="4" ind2="8">
    <subfield code="a">(48) &#x41A;&#x440;&#x44B;&#x43C;: &#x438;&#x441;&#x442;&#x43E;&#x440;&#x438;&#x44F; &#x432; &#x434;&#x43E;&#x43A;&#x443;&#x43C;&#x435;&#x43D;&#x442;&#x430;&#x445;</subfield>
  </datafield>
  <datafield tag="995" ind1=" " ind2=" ">
    <subfield code="5">2013-10-26</subfield>
    <subfield code="b">NLR01</subfield>
    <subfield code="c">NLR01</subfield>
    <subfield code="e">FM</subfield>
    <subfield code="f">4517946-10</subfield>
    <subfield code="k">&#x41C;&#x444; &#x41A;1/14841</subfield>
    <subfield code="o">0</subfield>
    <subfield code="r">BOOK</subfield>
    <subfield code="s">_114841</subfield>
  </datafield>
  <datafield tag="995" ind1=" " ind2=" ">
    <subfield code="5">2013-10-26</subfield>
    <subfield code="b">NLR02</subfield>
    <subfield code="c">NLR02</subfield>
    <subfield code="e">RFS</subfield>
    <subfield code="f">4517946-20</subfield>
    <subfield code="k">18.60.5.25</subfield>
    <subfield code="o">0</subfield>
    <subfield code="r">BOOK</subfield>
    <subfield code="s">1860525_</subfield>
  </datafield>
  <datafield tag="995" ind1=" " ind2=" ">
    <subfield code="5">2013-10-26</subfield>
    <subfield code="b">NLR01</subfield>
    <subfield code="c">NLR01</subfield>
    <subfield code="e">TEMP</subfield>
    <subfield code="f">4517946-30</subfield>
    <subfield code="k">&#x420;30/&#x411;-5/1</subfield>
    <subfield code="o">0</subfield>
    <subfield code="r">BOOK</subfield>
    <subfield code="s">3051_</subfield>
  </datafield>
  <datafield tag="995" ind1=" " ind2=" ">
    <subfield code="5">2013-10-26</subfield>
    <subfield code="b">NLR01</subfield>
    <subfield code="c">NLR01</subfield>
    <subfield code="e">TEMP</subfield>
    <subfield code="f">4517946-70</subfield>
    <subfield code="o">0</subfield>
    <subfield code="r">BOOK</subfield>
  </datafield>
  <datafield tag="995" ind1=" " ind2=" ">
    <subfield code="5">2013-10-26</subfield>
    <subfield code="b">NLR01</subfield>
    <subfield code="c">NLR01</subfield>
    <subfield code="e">TEMP</subfield>
    <subfield code="f">4517946-80</subfield>
    <subfield code="o">0</subfield>
    <subfield code="r">BOOK</subfield>
  </datafield>
  <datafield tag="995" ind1=" " ind2=" ">
    <subfield code="5">2013-10-26</subfield>
    <subfield code="b">NLR01</subfield>
    <subfield code="c">NLR01</subfield>
    <subfield code="e">TEMP</subfield>
    <subfield code="f">4517946-90</subfield>
    <subfield code="o">0</subfield>
    <subfield code="r">BOOK</subfield>
  </datafield>
  <datafield tag="995" ind1=" " ind2=" ">
    <subfield code="5">2013-10-26</subfield>
    <subfield code="b">NLR01</subfield>
    <subfield code="c">NLR01</subfield>
    <subfield code="e">TEMP</subfield>
    <subfield code="f">4517946-100</subfield>
    <subfield code="o">0</subfield>
    <subfield code="r">BOOK</subfield>
  </datafield>
</record>
